| 000 | 00737nam a22002057a 4500 | ||
|---|---|---|---|
| 005 | 20081020165524.0 | ||
| 008 | 081020t xxu||||| |||| 00| 0 eng d | ||
| 010 | _aENG-84515 | ||
| 020 | _a8175345853 | ||
| 020 | _c325.00 (pbk) | ||
| 035 | _aEN-68048 | ||
| 082 | _a345.5401 / DAS | ||
| 100 | _aDas, P K | ||
| 245 |
_aUniversal's handbook on protection of women from domestic violenc:e _bact & rules / _cby P K Das |
||
| 260 |
_aNew Delhi _bUniversal Law Publishing |
||
| 260 | _c2007 | ||
| 300 |
_axxii,498p _c24cm |
||
| 942 |
_2ddc _cEN _h345.5401 _mDAS |
||
| 999 |
_c17821 _d17821 |
||